Tourism and development in mountain regions

Saved in:
Bibliographic Details
Other Authors: Godde, Pamela M. (Editor), Price, Martin F. (Editor), Zimmermann, Friedrich M. (Editor)
Format: Book
Language:English
Published: Oxon ; New York : CABI, C2000
Subjects:
Tags: Add Tag
No Tags, Be the first to tag this record!

MARC

LEADER 00000nam a2200000 i 4500
001 1/73233
008 050311s2000 eng d
020 |a 0-85199-391-5 (hbk.) 
035 |l 10077041 
040 |a GR-MY-UA  |b gre  |e aacr 
041 0 |a eng 
082 0 |a 338.4791  |2 (21) 
245 1 0 |a Tourism and development in mountain regions /  |c edited by Pamela Godde, Martin F. Price and Friedrich M. Zimmermann 
260 |a Oxon ; New York :   |b CABI,   |c C2000 
300 |a viii, 357 σ.;  |b εικ.;  |c 24 εκ. 
504 |a Περιλαμβάνει βιβλιογραφία και ευρετήριο 
650 0 0 |a Tourism. 
650 0 0 |a Mountains  |x Recreational use. 
650 0 0 |a Mountain ecology. 
700 1 |a Godde, Pamela M.  |4 edt 
700 1 |a Price, Martin F.  |4 edt 
700 1 |a Zimmermann, Friedrich M.  |4 edt 
852 |a INST  |b CHIOS  |e 20050311  |h 338.4791 TOU  |p 005200022194  |q 005200022194  |t BK  |y 0 
901 |a BIBL2-2005-1 
909 |a Χ  |b 118836 
920 |a ΔΙΕΥΡΥΝΣΗ  |b ΕΠΕΑΕΚ-ΤΜΟΔ  |y ΧΙΟΣ  |z 2004-12 
970 |a ΣΠΕΝΤΖΑ  |b ΕΛΕΝΗ  |z 2005/03/11